A tell anthology
Guardat en:
| Autor principal: | |
|---|---|
| Format: | Llibre |
| Idioma: | Undetermined |
| Publicat: |
Washington, Estados Unidos
English Teaching Division
1980
|
| Matèries: | |
| Etiquetes: |
Afegir etiqueta
Sense etiquetes, Sigues el primer a etiquetar aquest registre!
|
MARC
| LEADER | 00000nam a2200000Ia 4500 | ||
|---|---|---|---|
| 008 | 170316s9999 xx 000 0 und d | ||
| 090 | |a 415-I B-12a | ||
| 100 | |a Bouchard, D.; Spaventa, Louis (editores) | ||
| 245 | 2 | |a A tell anthology | |
| 260 | |a Washington, Estados Unidos | ||
| 260 | |b English Teaching Division | ||
| 260 | |c 1980 | ||
| 300 | |a 273 páginas | ||
| 650 | |a GRAMÁTICA INGLESA | ||
| 999 | |c 19296 |d 19296 | ||
| 040 | |a cru BVZT | ||
| 942 | |c 15 D |h 415-I B-12a |2 z | ||
